书目信息 |
| 题名: |
导电高分子材料
|
|
| 作者: | 雀部博之 编 ;曹镛 译 | |
| 分册: | ||
| 出版信息: | 北京 科学出版社 1989.8 |
|
| 页数: | 456页 | |
| 开本: | 19厘米 | |
| 丛书名: | ||
| 单 册: | ||
| 中图分类: | TM243 , TN804 | |
| 科图分类: | ||
| 主题词: | 导电材料∶高分子材料 , 高分子材料∶导电材料 , 电信设备 | |
| 电子资源: | ||
| ISBN: | 7-03-001056-6 | |
| 000 | 00973nam0 2200289 45 | |
| 001 | 0189012493 | |
| 005 | 20061124100932.96 | |
| 010 | @a7-03-001056-6@dCNY9.50 | |
| 020 | @aCN@b89012493 | |
| 100 | @a19910105d1989 m y0chiy0120 ea | |
| 101 | 1 | @achi@cjpn |
| 102 | @aCN@b110000 | |
| 105 | @ay z 000yy | |
| 200 | 10 | @a导电高分子材料@Adao dian gao fen zi cai liao@f(日)雀部博之编@F( ri ) que bu bo zhi bian@g曹 镛等译 |
| 210 | @a北京@c科学出版社@d1989.8 | |
| 215 | @a456页@d19厘米 | |
| 330 | @a本书系统地介绍了高分子光导体、半导体、金属导体和超导体的基本概念,各类体系的基本特点、结构与性能的关系,导电机制及其应用实例。 | |
| 540 | 1 | @a导电 高分子材料@Adao dian gao fen zi cai liao |
| 606 | @a导电材料∶高分子材料 | |
| 606 | @a高分子材料∶导电材料 | |
| 606 | 0 | @a电信设备 |
| 690 | @aTM243@v1980 | |
| 690 | @aTN804@v3 | |
| 701 | 0 | @a雀部博之@Aque bu bo zhi@4编 |
| 702 | 0 | @a曹镛@Acao yong@4译 |
| 801 | 0 | @aCN@bTSSF@c20061124 |
| 905 | @a10447@dTN804@e25 | |
| 导电高分子材料/(日)雀部博之编/曹 镛等译.-北京:科学出版社,1989.8 |
| 456页;19厘米 |
| ISBN 7-03-001056-6:CNY9.50 |
| 本书系统地介绍了高分子光导体、半导体、金属导体和超导体的基本概念,各类体系的基本特点、结构与性能的关系,导电机制及其应用实例。 |
| ● |
| 相关链接 |
|
|
|
|
正题名:导电高分子材料
索取号:TN804/25
 
预约/预借
| 序号 | 登录号 | 条形码 | 馆藏地/架位号 | 状态 | 备注 |
| 1 | 0226877 | 202121872 | 第二样本阅览室/ [索取号:TN804/25] | 在馆 |